|
|
|
|
| LEADER |
00000nam a2200000 a 4500 |
| 001 |
UCJ0536 |
| 003 |
CL-VaPUC |
| 008 |
060811e20050000CL |||||||||||||||||spa|d |
| 082 |
0 |
4 |
|a 363.7
|b INS
|2 21
|
| 110 |
2 |
|
|a Instituto Nacional de Normalización
|e author
|9 500786
|
| 245 |
1 |
0 |
|a Serie NCh-ISO 14000: normas chilenas
|
| 250 |
|
|
|a 1a. ed
|
| 300 |
|
|
|a Pág. irreg
|
| 942 |
|
|
|c BK
|
| 945 |
|
|
|d 20060811 00:00:00
|a cmena
|
| 260 |
|
|
|a Santiago
|b INN
|c 2005
|
| 650 |
|
0 |
|a Gestión ambiental
|9 338121
|
| 650 |
|
0 |
|a Planificación estratégica
|9 259735
|
| 650 |
|
0 |
|a Medio ambiente
|9 257625
|
| 650 |
|
0 |
|a Protección del medio ambiente
|9 257626
|
| 650 |
|
0 |
|a Normalización
|9 262666
|
| 650 |
|
7 |
|a ISO 14000
|2 CL-VaPUC
|9 485142
|
| 583 |
|
|
|a last modification
|c 20140406 06:34:57
|k Rodrigo Vera
|
| 999 |
|
|
|c 317367
|d 317365
|
| 952 |
|
|
|0 0
|1 0
|4 0
|6 363_700000000000000_INS_2005
|7 0
|8 F
|9 393690
|a BIBMEC
|b BIBMEC
|d 2019-11-22
|i 4248732
|o 363.7 INS 2005
|p 4248732
|r 2024-01-19
|w 2019-11-22
|y BK_F
|k MEC
|